Statystyki dla jakie ptaki zaliczamy do drobiu?

Kliknij tutaj aby rozwiązać quiz!

Ogólne statystyki

  • Ten quiz został rozwiązany 15 razy
  • Średni wynik to 5 z 7

Statystyki odpowiedzi

Ptaki% Poprawnych
gęś
100%
indyk
100%
kaczka
100%
kura
100%
perliczka
77%
przepiórka japońska
0%
struś afrykański
0%

Rozkład punktacji

Percentyl według liczby udzielonych odpowiedzi

Procent ludzi z każdym wynikiem

Twoja historia wyników

Nie rozwiązałeś tego quizu